[Event "ODJM A 2016"]
[Site "Willingen GER"]
[Date "2016.05.15"]
[Round "1"]
[White "Wastian, Jan"]
[Black "Meißner, Felix"]
[Result "0-1"]
[Termination "normal"]
[Board "2"]
[BlackTitle "FM"]
[WhiteElo "1798"]
[BlackElo "2287"]
[WhiteClock "00:17:49"]
[BlackClock "00:25:46"]
[PlyCount "94"]
[WhiteFideId "12911640"]
[BlackFideId "24671827"]
[EventCountry "GER"]
[EventRounds "9"]
[EventType "swiss"]
[EventDate "2016.05.14"]

1. e4 g6 2. d4 Bg7 3. Nc3 d6 4. Be3 a6 5. a4 Nd7 6. f4 b6 7. Nf3 Bb7 8. Bd3 c5
9. O-O Ngf6 10. d5 Qc7 11. Qe2 O-O 12. Bd2 Kh8 13. Nd1 Rac8 14. c4 e6 15. Nc3
exd5 16. exd5 Rce8 17. Qf2 Qd8 18. Rae1 Bc8 19. Ng5 Kg8 20. Kh1 Rxe1 21. Rxe1
Re8 22. h3 h6 23. Nf3 Nf8 24. b3 N8h7 25. Ne4 Nxe4 26. Bxe4 Bd7 27. Bd3 a5 28.
Rxe8+ Bxe8 29. Qe1 Kf8 30. Bc3 Bf6 31. Kg1 Bd7 32. Qd2 Qe7 33. Kf2 Kg7 34. Qb2
Kg8 35. Qd2 Bxc3 36. Qxc3 Nf6 37. Qc2 Nh5 38. Qd2 Qf6 39. f5 gxf5 40. Bc2 Qg7
41. Kf1 Kf8 42. Qe3 Qf6 43. Kf2 f4 44. Qd2 Ng3 45. Kg1 Qa1+ 46. Bd1 Bf5 47. Kf2
Ne4+ 0-1

[Event "ODJM A 2016"]
[Site "Willingen GER"]
[Date "2016.05.15"]
[Round "1"]
[White "Xu, Xianliang"]
[Black "Kappelmann, Florian"]
[Result "1-0"]
[Termination "normal"]
[Board "3"]
[WhiteTitle "FM"]
[WhiteElo "2273"]
[BlackElo "1643"]
[WhiteClock "00:34:17"]
[BlackClock "00:15:40"]
[PlyCount "69"]
[WhiteFideId "4603230"]
[BlackFideId "12973165"]
[EventCountry "GER"]
[EventRounds "9"]
[EventType "swiss"]
[EventDate "2016.05.14"]

1. e4 c6 2. c4 d5 3. exd5 cxd5 4. cxd5 Qxd5 5. Nc3 Qd8 6. Bc4 Nf6 7. Nf3 e6 8.
O-O Be7 9. d4 O-O 10. Bf4 Nbd7 11. Nb5 Nb6 12. Bc7 Qe8 13. Bxb6 axb6 14. Nc7
Qd8 15. Nxa8 Bd7 16. Qb3 Qxa8 17. Ne5 Bc6 18. Bxe6 fxe6 19. Qxe6+ Kh8 20. Nxc6
bxc6 21. Qxe7 Nd5 22. Qa3 Qc8 23. Rae1 Nf4 24. Re4 Qf5 25. Rfe1 Kg8 26. Re8 Ne6
27. Rxf8+ Nxf8 28. Qb3+ Kh8 29. Qxb6 Qf6 30. a4 h5 31. Qc5 h4 32. Re8 Kg8 33.
Rxf8+ Qxf8 34. Qxf8+ Kxf8 35. a5 1-0

[Event "ODJM A 2016"]
[Site "Willingen GER"]
[Date "2016.05.15"]
[Round "1"]
[White "Bangert, Benjamin"]
[Black "Greßmann, Moritz"]
[Result "0-1"]
[Termination "normal"]
[Board "4"]
[WhiteElo "1776"]
[BlackElo "2206"]
[WhiteClock "00:01:38"]
[BlackClock "00:48:28"]
[PlyCount "80"]
[WhiteFideId "24692654"]
[BlackFideId "24695084"]
[EventCountry "GER"]
[EventRounds "9"]
[EventType "swiss"]
[EventDate "2016.05.14"]

1. c4 e6 2. Nf3 Nf6 3. Nc3 d5 4. d4 c6 5. e3 Nbd7 6. Bd3 Bd6 7. O-O O-O 8. Bd2
e5 9. dxe5 Nxe5 10. Nxe5 Bxe5 11. e4 dxe4 12. Bc2 Bxh2+ 13. Kxh2 Ng4+ 14. Kg1
f5 15. Bf4 Qh4 16. Bg3 Qh6 17. Nxe4 f4 18. Qf3 fxg3 19. Qxg3 Rf5 20. Qxg4 Rxf2
21. Nxf2 Bxg4 22. Nxg4 Qg5 23. Nh2 Qe3+ 24. Rf2 Rf8 25. Raf1 g5 26. Ng4 Qd4 27.
Nh6+ Kh8 28. Nf5 Qc5 29. a3 a5 30. b4 axb4 31. axb4 Qxb4 32. Rb1 Qxc4 33. Rxb7
Qc5 34. Rb3 g4 35. Rd3 Rxf5 36. Rd8+ Kg7 37. Rd7+ Kf6 38. Bxf5 g3 39. Rdd2
gxf2+ 40. Rxf2 Qxf5 0-1

[Event "ODJM A 2016"]
[Site "Willingen GER"]
[Date "2016.05.15"]
[Round "1"]
[White "Holtel, Jasper"]
[Black "Aengenheister, Dennis"]
[Result "1-0"]
[Termination "normal"]
[Board "5"]
[WhiteTitle "FM"]
[WhiteElo "2269"]
[BlackElo "1749"]
[WhiteClock "00:10:23"]
[BlackClock "00:21:43"]
[PlyCount "61"]
[WhiteFideId "12956376"]
[BlackFideId "16225490"]
[EventCountry "GER"]
[EventRounds "9"]
[EventType "swiss"]
[EventDate "2016.05.14"]

1. e4 e6 2. d4 d5 3. Nc3 dxe4 4. Nxe4 Be7 5. Nf3 Nf6 6. Bd3 Nbd7 7. Qe2 O-O 8.
O-O b6 9. Rd1 Bb7 10. Ng3 Qc8 11. c4 Re8 12. Be3 c5 13. Rac1 Qc7 14. Bb1 Rad8
15. Re1 Bd6 16. b3 Bc6 17. dxc5 bxc5 18. Red1 Be7 19. Ne1 Nf8 20. Nd3 Ba8 21.
f3 Ng6 22. Qf2 Rc8 23. Rd2 Ne5 24. Rcd1 Nxd3 25. Bxd3 a5 26. Ne2 Bd6 27. Bxh7+
Nxh7 28. Rxd6 Nf6 29. Nc3 Red8 30. Bxc5 Rxd6 31. Bxd6 1-0

[Event "ODJM A 2016"]
[Site "Willingen GER"]
[Date "2016.05.15"]
[Round "1"]
[White "Brunner, Tobias"]
[Black "Böhning, Kilian"]
[Result "0-1"]
[Termination "normal"]
[Board "6"]
[WhiteElo "1762"]
[BlackElo "2229"]
[WhiteClock "00:11:21"]
[BlackClock "00:17:08"]
[PlyCount "76"]
[WhiteFideId "12949833"]
[BlackFideId "1270499"]
[EventCountry "GER"]
[EventRounds "9"]
[EventType "swiss"]
[EventDate "2016.05.14"]

1. e4 e5 2. Nf3 Nc6 3. Bc4 Bc5 4. O-O Nf6 5. Nc3 O-O 6. a3 a6 7. d3 d6 8. Be3
Bg4 9. h3 Bh5 10. Nd5 Nxd5 11. Bxd5 Ne7 12. Bxb7 Ra7 13. Bd5 Nxd5 14. exd5 f5
15. Bxc5 dxc5 16. Re1 Re8 17. Qd2 Bxf3 18. gxf3 Qxd5 19. Qe3 Rb7 20. b3 Rb6 21.
Rad1 Rh6 22. f4 Rg6+ 23. Kf1 Rge6 24. f3 Qd6 25. fxe5 Rxe5 26. Qf2 f4 27. Rxe5
Rxe5 28. Re1 Rg5 29. Qe2 Kf7 30. Qe4 Kf6 31. Re2 Rg3 32. Rh2 Qd4 33. Qc6+ Kf5
34. Rf2 Rxh3 35. Kg2 Rh6 36. Qb7 Rg6+ 37. Kf1 Qa1+ 38. Ke2 Re6+ 0-1

[Event "ODJM A 2016"]
[Site "Willingen GER"]
[Date "2016.05.15"]
[Round "1"]
[White "Hebbering, Tom Elliot"]
[Black "Krauße, Sandro"]
[Result "1-0"]
[Termination "normal"]
[Board "7"]
[WhiteElo "2189"]
[BlackElo "1734"]
[WhiteClock "00:04:59"]
[BlackClock "00:05:59"]
[PlyCount "117"]
[WhiteFideId "12901750"]
[BlackFideId "12953733"]
[EventCountry "GER"]
[EventRounds "9"]
[EventType "swiss"]
[EventDate "2016.05.14"]

1. d4 e6 2. c4 Nf6 3. g3 Bb4+ 4. Bd2 Qe7 5. Nf3 O-O 6. Nc3 d5 7. Bg2 Nc6 8. a3
Bxc3 9. Bxc3 Ne4 10. Qc2 Rd8 11. O-O a5 12. b3 Nxc3 13. Qxc3 Qf6 14. Rad1 Ne7
15. Qc2 c6 16. e4 dxe4 17. Qxe4 Nf5 18. Rfe1 Nd6 19. Qc2 Qe7 20. h4 h6 21. Ne5
Qc7 22. c5 Nf5 23. Qc3 Ne7 24. Nc4 Nd5 25. Qd2 Bd7 26. Bxd5 exd5 27. Nb6 Kf8
28. Nxa8 Rxa8 29. Qf4 Qxf4 30. gxf4 a4 31. Re3 Bf5 32. Rd2 h5 33. Rb2 g6 34.
bxa4 Rxa4 35. Rb4 Ra7 36. Reb3 Bc8 37. f5 gxf5 38. Kg2 f6 39. Kf3 Kf7 40. Kf4
Ra8 41. a4 Ra7 42. Ra3 Ra5 43. Ke3 Ke6 44. f4 Kf7 45. Kd3 Ke7 46. Kc2 Kf7 47.
Rg3 Ra8 48. Kb3 Rb8 49. Rb6 Ra8 50. Kb4 Ra7 51. a5 Ra6 52. Ka4 Ra7 53. Rb2 Be6
54. Rbg2 Kf8 55. Re2 Bf7 56. Rb3 Be8 57. Reb2 b5+ 58. cxb6 c5+ 59. Rb5 1-0

[Event "ODJM A 2016"]
[Site "Willingen GER"]
[Date "2016.05.15"]
[Round "1"]
[White "Petersen, Finn Christopher"]
[Black "Pluska, Alexander"]
[Result "0-1"]
[Termination "normal"]
[Board "8"]
[WhiteElo "1675"]
[BlackElo "2158"]
[WhiteClock "00:45:14"]
[BlackClock "00:19:05"]
[PlyCount "38"]
[WhiteFideId "12964840"]
[BlackFideId "12975141"]
[EventCountry "GER"]
[EventRounds "9"]
[EventType "swiss"]
[EventDate "2016.05.14"]

1. e4 c5 2. Nc3 a6 3. g3 e6 4. Bg2 Nc6 5. f4 b5 6. d3 Bb7 7. Nf3 Nge7 8. Be3
Ng6 9. O-O f6 10. f5 Nge5 11. Nxe5 Nxe5 12. Qh5+ Nf7 13. Bh3 e5 14. Nd5 Bxd5
15. exd5 Bd6 16. Kh1 Qe7 17. Qf3 h5 18. Bxc5 Bxc5 19. d6 Qd8 0-1

[Event "ODJM A 2016"]
[Site "Willingen GER"]
[Date "2016.05.15"]
[Round "1"]
[White "Syrov, Arkadi"]
[Black "Behringer, Tom"]
[Result "1-0"]
[Termination "normal"]
[Board "9"]
[WhiteElo "2114"]
[BlackElo "1774"]
[PlyCount "77"]
[WhiteFideId "12942448"]
[BlackFideId "16203496"]
[EventCountry "GER"]
[EventRounds "9"]
[EventType "swiss"]
[EventDate "2016.05.14"]

1. e4 e6 2. d4 d5 3. Nc3 Nf6 4. e5 Nfd7 5. f4 c5 6. Nf3 Nc6 7. Be3 cxd4 8. Nxd4
Bc5 9. Qd2 O-O 10. O-O-O a6 11. Qf2 Nxd4 12. Bxd4 Qc7 13. Bd3 f6 14. exf6 Bxd4
15. Qxd4 Rxf6 16. g3 Qc5 17. Qxc5 Nxc5 18. Rhe1 Bd7 19. Bf1 Na4 20. Ne4 Rff8
21. b3 dxe4 22. Rxd7 Nc5 23. Rc7 Rac8 24. Rxc8 Rxc8 25. Kb2 a5 26. Bg2 Rd8 27.
Bxe4 Rd2 28. h4 g6 29. Re3 Kf7 30. Bf3 h5 31. Be2 Kf6 32. Kc3 Rd7 33. Kc4 b6
34. Kb5 Rd6 35. a3 Rd2 36. Kxb6 Rxc2 37. Bc4 Na4+ 38. Kxa5 Rc3 39. Rxe6+ 1-0

[Event "ODJM A 2016"]
[Site "Willingen GER"]
[Date "2016.05.15"]
[Round "1"]
[White "Sinnhöfer, Jonas"]
[Black "Bohlsen, Linus"]
[Result "0-1"]
[Termination "normal"]
[Board "10"]
[WhiteElo "1785"]
[BlackElo "2168"]
[PlyCount "66"]
[WhiteFideId "12982938"]
[BlackFideId "12958093"]
[EventCountry "GER"]
[EventRounds "9"]
[EventType "swiss"]
[EventDate "2016.05.14"]

1. e4 c5 2. c4 e6 3. Nf3 a6 4. Nc3 Qc7 5. d4 cxd4 6. Nxd4 Nf6 7. Be2 Bb4 8. f3
Nc6 9. Be3 d5 10. Qc2 dxc4 11. a3 Be7 12. Qa4 Bd7 13. Qxc4 O-O 14. Nxc6 Bxc6
15. O-O Rac8 16. Rac1 Bd6 17. g3 Qe7 18. Qd3 Rfd8 19. Qc2 b5 20. b4 Be5 21.
Rfd1 Bxe4 22. Rxd8+ Qxd8 23. Nxe4 Rxc2 24. Nxf6+ Bxf6 25. Rxc2 Bd4 26. Bxd4
Qxd4+ 27. Kg2 g6 28. Rc8+ Kg7 29. Ra8 Qe3 30. Kf1 Qxa3 31. Kf2 Qxb4 32. Rxa6
Qd4+ 33. Kf1 b4 0-1

[Event "ODJM A 2016"]
[Site "Willingen GER"]
[Date "2016.05.15"]
[Round "1"]
[White "Ramien, David"]
[Black "Greßmann, Hanna"]
[Result "1-0"]
[Termination "normal"]
[Board "11"]
[WhiteElo "2107"]
[BlackElo "1781"]
[PlyCount "65"]
[WhiteFideId "12948241"]
[BlackFideId "12930709"]
[EventCountry "GER"]
[EventRounds "9"]
[EventType "swiss"]
[EventDate "2016.05.14"]

1. Nf3 Nf6 2. g3 d5 3. Bg2 e6 4. O-O Be7 5. d3 O-O 6. Nbd2 Bd7 7. e4 dxe4 8.
dxe4 Bc6 9. Ne5 Bc5 10. Qe2 Nfd7 11. Nxc6 Nxc6 12. c3 Qe7 13. a4 a6 14. b4 Ba7
15. Nc4 Nce5 16. Ne3 f6 17. f4 Nf7 18. Kh1 Nd6 19. Nc4 Nxc4 20. Qxc4 Nb6 21.
Qb3 Kh8 22. e5 c6 23. b5 axb5 24. axb5 c5 25. exf6 gxf6 26. Re1 Rfe8 27. c4 Bb8
28. Rxa8 Nxa8 29. Bb2 Nb6 30. Qd3 Nc8 31. Qe3 e5 32. Qe4 Nd6 33. Qd5 1-0

[Event "ODJM A 2016"]
[Site "Willingen GER"]
[Date "2016.05.15"]
[Round "1"]
[White "Udaykumar, Arunn Mark"]
[Black "Reuker, Jari"]
[Result "0-1"]
[Termination "normal"]
[Board "12"]
[WhiteElo "1724"]
[BlackElo "2081"]
[PlyCount "40"]
[WhiteFideId "12965456"]
[BlackFideId "12909300"]
[EventCountry "GER"]
[EventRounds "9"]
[EventType "swiss"]
[EventDate "2016.05.14"]

1. e4 c5 2. Nf3 Nc6 3. d4 cxd4 4. Nxd4 e6 5. Nc3 Qc7 6. a3 a6 7. Be3 Nf6 8. Qd2
Be7 9. f3 b5 10. Be2 Bb7 11. g4 Nxd4 12. Qxd4 O-O 13. Kf2 d5 14. e5 Nd7 15.
Rag1 f6 16. exf6 Bxf6 17. Qd2 Bh4+ 18. Kf1 Ne5 19. Qd4 Nxf3 20. Bxf3 e5 0-1

[Event "ODJM A 2016"]
[Site "Willingen GER"]
[Date "2016.05.15"]
[Round "1"]
[White "Zahn, Benno"]
[Black "Askri, Samir"]
[Result "1-0"]
[Termination "normal"]
[Board "13"]
[WhiteElo "2106"]
[BlackElo "1867"]
[PlyCount "57"]
[WhiteFideId "24636070"]
[BlackFideId "12924938"]
[EventCountry "GER"]
[EventRounds "9"]
[EventType "swiss"]
[EventDate "2016.05.14"]

1. e4 e6 2. d4 d5 3. Nc3 Bb4 4. e5 c5 5. a3 Bxc3+ 6. bxc3 Ne7 7. Qg4 Nf5 8. Bd3
h5 9. Qh3 Nc6 10. Nf3 cxd4 11. g4 Qa5 12. O-O Nh6 13. Qxh5 Rf8 14. cxd4 Bd7 15.
Qg5 Ng8 16. Rb1 Qc7 17. a4 Nge7 18. Ba3 Rh8 19. Bd6 Qa5 20. Rxb7 Qxa4 21. Rfb1
Qa5 22. Bxe7 Nxe7 23. Bb5 Rd8 24. Bxd7+ Rxd7 25. Rxd7 Kxd7 26. Rb7+ Kc6 27.
Qxe7 Rd8 28. Rxa7 Qb6 29. Qxf7 1-0

[Event "ODJM A 2016"]
[Site "Willingen GER"]
[Date "2016.05.15"]
[Round "1"]
[White "Frohnhäuser, Simon"]
[Black "Ciolek, Andreas"]
[Result "0-1"]
[Termination "normal"]
[Board "14"]
[WhiteElo "1559"]
[BlackElo "2102"]
[PlyCount "80"]
[WhiteFideId "16208528"]
[BlackFideId "12906727"]
[EventCountry "GER"]
[EventRounds "9"]
[EventType "swiss"]
[EventDate "2016.05.14"]

1. e4 c5 2. Nf3 d6 3. d4 cxd4 4. Nxd4 Nf6 5. Nc3 a6 6. Bg5 e6 7. f4 Be7 8. Qf3
Qc7 9. Bd3 Nbd7 10. Nb3 h6 11. Bh4 b5 12. Bf2 Bb7 13. O-O Nc5 14. Nxc5 dxc5 15.
Qg3 c4 16. e5 Nh5 17. Qg4 cxd3 18. Qxh5 b4 19. Na4 Qc6 20. Qf3 Qb5 21. c4 bxc3
22. Nxc3 Qd7 23. Qg3 O-O 24. Rad1 Rfd8 25. Bb6 Qc6 26. Bxd8 Rxd8 27. Kh1 a5 28.
Qf3 Qb6 29. Qf2 Bc5 30. Qh4 Rd7 31. b3 Qc6 32. Qg3 d2 33. Na4 Rd3 34. Qg4 h5
35. Qe2 Bb4 36. Nb2 Re3 37. Qf2 Qe4 38. Nc4 Re2 39. Qf3 Rxg2 40. Rxd2 Bxd2 0-1

[Event "ODJM A 2016"]
[Site "Willingen GER"]
[Date "2016.05.15"]
[Round "1"]
[White "Balazs, Balint"]
[Black "Gorainow, Nikita"]
[Result "1/2-1/2"]
[Termination "normal"]
[Board "15"]
[WhiteElo "2145"]
[BlackElo "1779"]
[PlyCount "72"]
[WhiteFideId "12922757"]
[BlackFideId "12970093"]
[EventCountry "GER"]
[EventRounds "9"]
[EventType "swiss"]
[EventDate "2016.05.14"]

1. d4 f5 2. g4 fxg4 3. e4 d5 4. e5 Bf5 5. Bd3 Bxd3 6. Qxd3 Nc6 7. h3 Qd7 8. Nc3
O-O-O 9. Be3 g6 10. O-O-O Bh6 11. hxg4 Bxe3+ 12. fxe3 Qxg4 13. Na4 Nxe5 14. Qb3
Nc4 15. Nh3 Qg3 16. Rde1 Qd6 17. Ng5 Rf8 18. Ref1 Nf6 19. e4 e5 20. Nc5 Nb6 21.
Nce6 Nxe4 22. Rxf8+ Rxf8 23. Nxf8 Nxg5 24. Nxh7 exd4 25. Nxg5 Qf4+ 26. Kb1 Qxg5
27. Rh8+ Kd7 28. Rh7+ Kc6 29. a4 Qe3 30. Qb5+ Kd6 31. a5 Qe1+ 32. Ka2 c6 33.
Qd3 Qxa5+ 34. Kb1 Qe1+ 35. Ka2 Qa5+ 36. Kb1 Qe1+ 1/2-1/2

[Event "ODJM A 2016"]
[Site "Willingen GER"]
[Date "2016.05.15"]
[Round "1"]
[White "Wachinger, Nikolas"]
[Black "Marx, Joschka"]
[Result "1-0"]
[Termination "normal"]
[Board "16"]
[WhiteElo "1542"]
[BlackElo "2039"]
[PlyCount "75"]
[WhiteFideId "12962791"]
[BlackFideId "24645869"]
[EventCountry "GER"]
[EventRounds "9"]
[EventType "swiss"]
[EventDate "2016.05.14"]

1. e4 c6 2. d4 g6 3. Nc3 d5 4. h3 Bg7 5. Nf3 dxe4 6. Nxe4 Nd7 7. Bd3 Ngf6 8.
Nxf6+ Nxf6 9. O-O O-O 10. Re1 Qc7 11. Qe2 Re8 12. Ne5 Be6 13. Bf4 Qb6 14. c3
Rad8 15. Nc4 Bxc4 16. Bxc4 Nd5 17. Bh2 a5 18. a4 e6 19. Ra3 Rd7 20. Rb3 Qd8 21.
Bxd5 cxd5 22. Rb5 f6 23. Qd1 Ree7 24. Qb3 Kh8 25. f4 Qe8 26. Rxa5 e5 27. dxe5
fxe5 28. fxe5 Bxe5 29. Bxe5+ Rxe5 30. Rxe5 Qxe5 31. Qd1 Qe3+ 32. Kh1 d4 33.
cxd4 Rxd4 34. Qg1 Qe4 35. b3 Rd3 36. Qa1+ Rd4 37. Ra8+ Kg7 38. Rd8 1-0

[Event "ODJM A 2016"]
[Site "Willingen GER"]
[Date "2016.05.15"]
[Round "1"]
[White "Beesk, Kevin"]
[Black "Wissing, Philipp"]
[Result "1-0"]
[Termination "normal"]
[Board "17"]
[WhiteElo "1961"]
[BlackElo "1583"]
[PlyCount "55"]
[WhiteFideId "1271882"]
[BlackFideId "12993654"]
[EventCountry "GER"]
[EventRounds "9"]
[EventType "swiss"]
[EventDate "2016.05.14"]

1. e4 Nf6 2. Nc3 e5 3. Bc4 Nxe4 4. Qh5 Nd6 5. Bb3 Nc6 6. Nb5 g6 7. Qf3 f5 8.
Qd5 Qe7 9. Nxc7+ Kd8 10. Nxa8 e4 11. Qc5 Bh6 12. Ne2 Ne5 13. Qa5+ b6 14. Nxb6
axb6 15. Qxb6+ Ke8 16. Nc3 Bb7 17. Bd5 Nd3+ 18. Kf1 Bxd5 19. Nxd5 Qe5 20. Ne3
Nc5 21. Qb4 Bxe3 22. dxe3 g5 23. Qd4 Qxd4 24. exd4 Ne6 25. d5 Nf4 26. Bxf4 gxf4
27. Ke2 Ke7 28. b3 1-0

[Event "ODJM A 2016"]
[Site "Willingen GER"]
[Date "2016.05.15"]
[Round "1"]
[White "Reucker, Friedrich"]
[Black "Müller, Max"]
[Result "0-1"]
[Termination "normal"]
[Board "18"]
[WhiteElo "1776"]
[BlackElo "1960"]
[PlyCount "66"]
[WhiteFideId "12993670"]
[BlackFideId "12900486"]
[EventCountry "GER"]
[EventRounds "9"]
[EventType "swiss"]
[EventDate "2016.05.14"]

1. c4 Nf6 2. g3 c6 3. Bg2 d5 4. Nf3 g6 5. O-O Bg7 6. cxd5 Nxd5 7. Nc3 O-O 8. d4
Nb6 9. h3 Na6 10. Qc2 Nb4 11. Qb3 a5 12. a3 Be6 13. Qd1 N4d5 14. e4 Nxc3 15.
bxc3 a4 16. Bf4 Qd7 17. Kh2 Bb3 18. Qc1 Nc4 19. Nd2 Nxd2 20. Qxd2 e5 21. Be3
exd4 22. cxd4 Rad8 23. Qb4 Bxd4 24. Bxd4 Qxd4 25. Qxb7 c5 26. Bf3 Rd7 27. Qc6
Rd6 28. Qc7 Rfd8 29. Rac1 c4 30. Kg2 Qb2 31. Qc5 Rd2 32. Rb1 Qd4 33. Qc7 c3 0-1

[Event "ODJM A 2016"]
[Site "Willingen GER"]
[Date "2016.05.15"]
[Round "1"]
[White "Meyer, Henrik"]
[Black "Wensing, Maximilian"]
[Result "1-0"]
[Termination "normal"]
[Board "19"]
[WhiteElo "2068"]
[BlackElo "1814"]
[PlyCount "63"]
[WhiteFideId "12958182"]
[BlackFideId "16222415"]
[EventCountry "GER"]
[EventRounds "9"]
[EventType "swiss"]
[EventDate "2016.05.14"]

1. e4 c5 2. Nf3 d6 3. d4 cxd4 4. Nxd4 Nf6 5. Nc3 a6 6. Bg5 e6 7. f4 Be7 8. Qf3
Nbd7 9. O-O-O Qc7 10. g4 h6 11. Bxf6 Bxf6 12. h4 g5 13. hxg5 hxg5 14. Rxh8+
Bxh8 15. f5 Be5 16. fxe6 Bf4+ 17. Kb1 Ne5 18. Nd5 Qd8 19. exf7+ Kxf7 20. Qb3
Kg7 21. Nb6 Bxg4 22. Nxa8 Qxa8 23. Nf5+ Kh8 24. Rxd6 Bxf5 25. exf5 Qf8 26. Rd1
Ng4 27. Qh3+ Nh6 28. Qc3+ Qg7 29. f6 Qf7 30. Bc4 Qh5 31. f7+ Kh7 32. f8=N# 1-0

[Event "ODJM A 2016"]
[Site "Willingen GER"]
[Date "2016.05.15"]
[Round "1"]
[White "Dietz, Florian"]
[Black "Diller, Daniel"]
[Result "0-1"]
[Termination "normal"]
[Board "20"]
[WhiteElo "1803"]
[BlackElo "1903"]
[PlyCount "74"]
[WhiteFideId "12939897"]
[BlackFideId "12908983"]
[EventCountry "GER"]
[EventRounds "9"]
[EventType "swiss"]
[EventDate "2016.05.14"]

1. e4 e6 2. d4 d5 3. Nd2 Nf6 4. e5 Nfd7 5. Bd3 c5 6. c3 Nc6 7. Ne2 cxd4 8. cxd4
f6 9. exf6 Nxf6 10. Nf3 Bd6 11. O-O Qc7 12. Nc3 a6 13. Bg5 O-O 14. Rc1 Ng4 15.
h3 Nh2 16. Nxh2 Bxh2+ 17. Kh1 Bf4 18. Bxf4 Rxf4 19. Qh5 g6 20. Qd1 Rxd4 21. Ne2
Rh4 22. f4 Qe7 23. Ng1 Bd7 24. g4 Rf8 25. Qd2 e5 26. Bc2 Bxg4 27. Qxd5+ Be6 28.
Qg2 Rhxf4 29. Rxf4 Rxf4 30. Ne2 Rh4 31. Ng1 Qf7 32. Rd1 Nd4 33. Kh2 Bd5 34. Qg3
Rf4 35. Rd2 Bc6 36. Bd1 Kg7 37. Qe3 Qd5 0-1

[Event "ODJM A 2016"]
[Site "Willingen GER"]
[Date "2016.05.15"]
[Round "1"]
[White "Wagner, Robert"]
[Black "Adelmeyer, Matti"]
[Result "1-0"]
[Termination "normal"]
[Board "21"]
[WhiteElo "2009"]
[BlackElo "1677"]
[PlyCount "63"]
[WhiteFideId "24656879"]
[BlackFideId "12962520"]
[EventCountry "GER"]
[EventRounds "9"]
[EventType "swiss"]
[EventDate "2016.05.14"]

1. d4 d5 2. c4 Nf6 3. cxd5 Nxd5 4. e4 Nf6 5. Nc3 e6 6. Be3 Bb4 7. Qa4+ Nc6 8.
Bb5 Bxc3+ 9. bxc3 Bd7 10. f3 O-O 11. Ne2 a6 12. Bxc6 Bxc6 13. Qb3 h6 14. O-O b5
15. Nf4 Qe7 16. Rfc1 Rfd8 17. c4 e5 18. Nd5 Bxd5 19. cxd5 Rac8 20. Rc6 Rd6 21.
Rac1 Rxc6 22. Rxc6 Rd8 23. Qc3 exd4 24. Bxd4 Ne8 25. Rxa6 b4 26. Qc5 Qxc5 27.
Bxc5 Rb8 28. Ra4 Nd6 29. Rxb4 Ra8 30. a4 Nc8 31. Kf2 Nb6 32. d6 1-0

[Event "ODJM A 2016"]
[Site "Willingen GER"]
[Date "2016.05.15"]
[Round "1"]
[White "Isler, Benjamin"]
[Black "Terhuven, Patrick"]
[Result "0-1"]
[Termination "normal"]
[Board "22"]
[WhiteElo "1700"]
[BlackElo "2125"]
[PlyCount "58"]
[WhiteFideId "12975478"]
[BlackFideId "12919098"]
[EventCountry "GER"]
[EventRounds "9"]
[EventType "swiss"]
[EventDate "2016.05.14"]

1. e4 c5 2. c4 Nc6 3. Nf3 g6 4. Nc3 Bg7 5. d3 d6 6. Be2 e5 7. Bg5 f6 8. Be3
Nge7 9. O-O O-O 10. a3 f5 11. Bg5 f4 12. Bxe7 Nxe7 13. b4 Nc6 14. Rb1 h5 15. h3
Rf7 16. Nd5 Bf8 17. h4 Bh6 18. Kh1 Bg4 19. g3 Qd7 20. Kh2 Raf8 21. Rg1 fxg3+
22. Rxg3 Ne7 23. Ng5 Rxf2+ 24. Kg1 Bxe2 25. Qe1 Rf1+ 26. Qxf1 Rxf1+ 27. Rxf1
Nxd5 28. exd5 Bxf1 29. Ne4 Qf5 0-1

[Event "ODJM A 2016"]
[Site "Willingen GER"]
[Date "2016.05.15"]
[Round "1"]
[White "Lutter, Maximilian"]
[Black "Kornitzky, Tino"]
[Result "1/2-1/2"]
[Termination "normal"]
[Board "23"]
[WhiteElo "1896"]
[BlackElo "1812"]
[PlyCount "73"]
[WhiteFideId "12934402"]
[BlackFideId "12970379"]
[EventCountry "GER"]
[EventRounds "9"]
[EventType "swiss"]
[EventDate "2016.05.14"]

1. d4 d5 2. c4 e6 3. Nc3 Nf6 4. cxd5 exd5 5. Bg5 c6 6. e3 Be7 7. Qc2 Nh5 8.
Bxe7 Qxe7 9. Nxd5 Qd6 10. Nc3 O-O 11. Bd3 Nf6 12. h3 Be6 13. Nf3 Nbd7 14. O-O
h6 15. e4 Qe7 16. Rfe1 Nb6 17. Qe2 Nh5 18. Qe3 Qf6 19. e5 Qf4 20. Nd2 Qxe3 21.
fxe3 g6 22. g4 Ng7 23. Nf3 Nd5 24. Nxd5 Bxd5 25. Nd2 Rfd8 26. Rf1 c5 27. Nc4
cxd4 28. exd4 Ne6 29. Ne3 Nxd4 30. Nxd5 Rxd5 31. Bc4 Rd7 32. Rf6 Rc8 33. e6
Nxe6 34. Bxe6 fxe6 35. Rxg6+ Kh7 36. Rxe6 Rc2 37. Rae1 1/2-1/2

[Event "ODJM A 2016"]
[Site "Willingen GER"]
[Date "2016.05.15"]
[Round "1"]
[White "Hartmann, Jakob"]
[Black "Leser, Stefan"]
[Result "1-0"]
[Termination "normal"]
[Board "25"]
[WhiteElo "1983"]
[BlackElo "1708"]
[PlyCount "49"]
[WhiteFideId "12918067"]
[BlackFideId "12997706"]
[EventCountry "GER"]
[EventRounds "9"]
[EventType "swiss"]
[EventDate "2016.05.14"]

1. e4 e6 2. d4 d5 3. Nd2 Nf6 4. e5 Nfd7 5. Bd3 c5 6. c3 Nc6 7. Ne2 f6 8. Nf4
Qe7 9. Qh5+ Qf7 10. exf6 Qxh5 11. fxg7 Bxg7 12. Nxh5 O-O 13. Nxg7 Kxg7 14. Nf3
cxd4 15. cxd4 e5 16. dxe5 Ndxe5 17. Nxe5 Nxe5 18. Be2 Bf5 19. O-O Rac8 20. Be3
Nc6 21. Bf3 Rfd8 22. Rad1 Be6 23. Rfe1 Kf7 24. Bg5 Rd7 25. Bh5+ 1-0

[Event "ODJM A 2016"]
[Site "Willingen GER"]
[Date "2016.05.15"]
[Round "1"]
[White "Melde, Benjamin"]
[Black "Schimnatkowski, Lukas"]
[Result "0-1"]
[Termination "normal"]
[Board "26"]
[WhiteElo "1707"]
[BlackElo "1978"]
[PlyCount "54"]
[WhiteFideId "12958816"]
[BlackFideId "12936723"]
[EventCountry "GER"]
[EventRounds "9"]
[EventType "swiss"]
[EventDate "2016.05.14"]

1. e4 Nc6 2. Nf3 f5 3. exf5 d5 4. d4 Bxf5 5. Bb5 e6 6. Ne5 Nge7 7. Bf4 a6 8.
Bxc6+ Nxc6 9. g4 Be4 10. f3 Nxe5 11. Bxe5 Bg6 12. Nc3 Qd7 13. Ne2 O-O-O 14. Nf4
Be7 15. Nd3 Bh4+ 16. Bg3 Bxg3+ 17. hxg3 Qd6 18. f4 Be4 19. Rf1 Qb6 20. Ne5 Qxb2
21. Nf7 Bxc2 22. Qc1 Qc3+ 23. Ke2 Qd3+ 24. Kf2 Qxd4+ 25. Qe3 Qxe3+ 26. Kxe3
Rhf8 27. Nxd8 Kxd8 0-1